[Event "Challenge"]
[Site "http://www.queenalice.com/game.php?id=193494"]
[Date "2007.4.7"]
[Round "-"]
[White "kingmartin"]
[Black "markp"]
[Result "0-1"]
[WhiteElo "1291"]
[BlackElo "1574"]

1. e4 e5 2. Nf3 Nc6 3. d4 exd4 4. Nxd4 Nxd4 5. Qxd4 Qf6 6. c3 b6 7. e5 Qc6 8. a4
Bc5 9. Qf4 Nh6 10. Bb5 Qxg2 11. Rf1 O-O 12. Be3 Bxe3 13. Qxe3 Qxh2 14. Nd2 Bb7
15. O-O-O Bc6 16. Bxc6 dxc6 17. Nf3 Qh3 18. Ng5 Qf5 19. Rh1 Ng4 20. Qd2 Qxe5 21.
f4 Qc5 22. Rxh7 f6 23. Ne6 Rfd8 24. Rh2 Rxd2 25. Nxc5 Rxd1+ 26. Kxd1 Nxh2 27.
Ne6 Rc8 28. b4 a5 29. bxa5 bxa5 30. c4 Nf3 31. Ke2 Re8 32. f5 Nd4+ 33. Kd3 Nxe6
34. fxe6 Rxe6 35. Kc3 g5 36. c5 g4 37. Kd3 g3 38. Kd4 g2 39. Kc4 g1=Q 40. Kd3
Qe3+ 41. Kc4 Re4# 0-1

[Event "Challenge"]
[Site "http://www.queenalice.com/game.php?id=193495"]
[Date "2007.4.7"]
[Round "-"]
[White "kingmartin"]
[Black "hk1960"]
[Result "1-0"]
[WhiteElo "1288"]
[BlackElo "961"]

1. e4 Nf6 2. e5 Nd5 3. d4 e6 4. c4 Nb4 5. a3 N4c6 6. d5 Nxe5 7. Bf4 Nxc4 8. Bxc4
a6 9. Nf3 exd5 10. Bxd5 d6 11. Ng5 f6 12. Ne4 Be7 13. O-O Ra7 14. Re1 c6 15. Bb3
Rf8 16. Nbc3 h6 17. Be3 b5 18. Bxa7 f5 19. Nxd6+ Kd7 20. Nxf5+ Kc7 21. Rxe7+ Bd7
22. g4 g6 23. Qd6+ Kc8 24. Bxb8 gxf5 25. Rd1 Re8 26. Rxd7 Re7 27. Rxd8+ Kb7 28.
Qxe7+ Kb6 29. Bf4 1-0

[Event "Challenge"]
[Site "http://www.queenalice.com/game.php?id=193496"]
[Date "2007.4.7"]
[Round "-"]
[White "kingmartin"]
[Black "Mayaune"]
[Result "0-1"]
[WhiteElo "1318"]
[BlackElo "1564"]

1. e4 e5 2. Nf3 d6 3. d4 Nc6 4. d5 Nce7 5. Bg5 f6 6. Be3 Bg4 7. Be2 c6 8. Nh4
Bxe2 9. Qxe2 cxd5 10. exd5 Nxd5 11. Nc3 Nxc3 12. Qd3 f5 13. bxc3 Qxh4 14. Qxf5
Qf6 15. g4 Qxf5 16. gxf5 Nf6 17. O-O-O d5 18. Bg5 O-O-O 19. Rhe1 Ba3+ 20. Kb1
Rd6 21. Bc1 Rb6+ 22. Ka1 Bc5 23. Rxe5 Ne4 24. Rexd5 Bxf2 25. Bf4 Nxc3 26. Be5
Nxd5 27. Rxd5 Re8 28. a3 g5 29. Bg3 Re1+ 30. Ka2 Bxg3 31. hxg3 Reb1 32. Ra5
R6b2# 0-1

[Event "Challenge"]
[Site "http://www.queenalice.com/game.php?id=194692"]
[Date "2007.4.10"]
[Round "-"]
[White "kingmartin"]
[Black "mp3"]
[Result "0-1"]
[WhiteElo "1302"]
[BlackElo "1392"]

1. e4 c5 2. d4 cxd4 3. Qxd4 Nc6 4. Qc3 d6 5. Bb5 Bd7 6. Bxc6 Bxc6 7. e5 Bxg2 8.
h4 Bxh1 9. Qh3 Be4 10. Nc3 Bxc2 11. Nb5 Qa5+ 12. Qc3 Qxb5 13. Qxc2 Qxe5+ 14. Be3
Nf6 15. O-O-O Ne4 16. Nf3 Qf5 17. Nd4 Qc8 18. f3 Qxc2+ 19. Kxc2 Rc8+ 20. Kb1 Nc5
21. Rc1 e5 22. Nb3 g6 23. Bxc5 dxc5 24. Nxc5 Bxc5 25. f4 exf4 26. a3 b6 27. b4
O-O 28. bxc5 bxc5 29. Kb2 Rfe8 30. Kb3 c4+ 31. Rxc4 Rxc4 32. Kxc4 f3 33. a4 f2
34. a5 f1=Q+ 35. Kc5 Qc1+ 36. Kb5 Rb8+ 37. Ka6 Ra8 38. Kb7 Re8 39. Kxa7 Qc7+ 40.
Ka6 Ra8+ 41. Kb5 Rxa5+ 42. Kb4 f5 43. Kb3 f4 44. h5 gxh5 45. Kb4 f3 46. Kb3 f2
47. Kb4 f1=Q 48. Kb3 Ra8 49. Kb2 Qb5# 0-1

[Event "Challenge"]
[Site "http://www.queenalice.com/game.php?id=194693"]
[Date "2007.4.10"]
[Round "-"]
[White "kingmartin"]
[Black "kfe"]
[Result "0-1"]
[WhiteElo "1286"]
[BlackElo "1342"]

1. e4 e5 2. d4 Nc6 3. d5 Nd4 4. c3 Nb5 5. Bxb5 a6 6. Bc4 d6 7. f4 Nf6 8. Nd2 b5
9. Be2 h5 10. b4 exf4 11. Ngf3 Ng4 12. Nd4 Ne3 13. Qb3 Nxg2+ 14. Kd1 Qh4 15.
N2f3 Ne3+ 16. Kd2 Qf2 17. Kd3 Nc4 18. Bxf4 c5 19. Nc6 g5 20. Bxg5 cxb4 21. cxb4
Bg7 22. Raf1 Ne5+ 23. Kd2 Qg2 24. Rhg1 Nc4+ 25. Ke1 Qh3 26. Bxc4 bxc4 27. Qa4
O-O 28. Ne7+ Kh8 29. Qc6 Bg4 30. Nd2 c3 31. Nc4 Qd3 32. Rxg4 hxg4 33. Nb6 Kh7
34. Nxa8 Bf6 35. Bxf6 Qd2# 0-1

[Event "Challenge"]
[Site "http://www.queenalice.com/game.php?id=194695"]
[Date "2007.4.10"]
[Round "-"]
[White "kingmartin"]
[Black "El_Montes"]
[Result "0-1"]
[WhiteElo "1277"]
[BlackElo "1419"]

1. e4 e5 2. d4 Nc6 3. Nf3 exd4 4. Nxd4 Nxd4 5. Qxd4 c5 6. Qe3 Be7 7. Bd2 Nf6 8.
Nc3 b6 9. e5 Ng4 10. Qg3 d6 11. O-O-O dxe5 12. h3 Bh4 13. Qd3 Qxd3 14. cxd3 Nxf2
15. Rh2 Nxd1 16. Nxd1 Bg3 17. Rh1 Be6 18. d4 cxd4 19. Bb5+ Bd7 20. a4 Rd8 21.
Kb1 O-O 22. h4 Bf5+ 23. Ka2 e4 24. Bg5 Rc8 25. Be7 Be6+ 26. b3 Rc2+ 27. Ka3 Rfc8
28. Bc4 Bf5 29. Rf1 Bg6 30. Ba6 Re8 31. Bd6 e3 32. Nb2 Bxd6+ 33. Ka2 e2 34. Re1
Bg3 35. Rxe2 Rexe2 36. Bxe2 Rxe2 37. Ka3 Bd6+ 38. b4 Bb1 39. Nc4 d3 40. Nxd6 d2
41. g4 d1=Q 42. a5 Ra2# 0-1

[Event "Challenge"]
[Site "http://www.queenalice.com/game.php?id=195781"]
[Date "2007.4.12"]
[Round "-"]
[White "kingmartin"]
[Black "hk1960"]
[Result "1-0"]
[WhiteElo "1286"]
[BlackElo "989"]

1. e4 Nf6 2. e5 d6 3. exf6 exf6 4. d4 Qd7 5. Nc3 Qc6 6. d5 Qc5 7. Be3 Qb4 8. a3
Qxb2 9. Na4 Qb5 10. Bxb5+ Bd7 11. Bxd7+ Kxd7 12. Qg4+ Kd8 13. Nf3 Nc6 14. dxc6
Be7 15. Qd7# 1-0

[Event "Challenge"]
[Site "http://www.queenalice.com/game.php?id=195782"]
[Date "2007.4.12"]
[Round "-"]
[White "kingmartin"]
[Black "hwk"]
[Result "1-0"]
[WhiteElo "1288"]
[BlackElo "673"]

1. e4 a5 2. d4 Ra6 3. c4 d6 4. c5 d5 5. Bxa6 Nxa6 6. Nf3 Qd7 7. Nc3 Nb4 8. O-O
Nf6 9. a3 Na6 10. Ne5 Qe6 11. Nxd5 Nxe4 12. Nf4 Qf5 13. c6 f6 14. Nc4 Qxf4 15.
Bxf4 bxc6 16. Nxa5 Nb8 17. f3 Ng5 18. d5 Ne4 19. fxe4 cxd5 20. Qxd5 Bd7 21. Qb7
Kf7 22. Qxb8 e6 23. Qxc7 e5 24. Qxd7+ Kg6 25. Qf5+ Kf7 26. Bd2 Bc5+ 27. Kh1 g6
28. Qd7+ Kg8 29. Bh6 Bf8 30. Qe8 1-0

[Event "Challenge"]
[Site "http://www.queenalice.com/game.php?id=196509"]
[Date "2007.4.13"]
[Round "-"]
[White "kingmartin"]
[Black "hk1960"]
[Result "1-0"]
[WhiteElo "1272"]
[BlackElo "986"]

1. e4 Nf6 2. e5 Nd5 3. Bc4 Nb4 4. c3 N4c6 5. d4 g5 6. Bxg5 Rg8 7. Nf3 Rh8 8. d5
h6 9. Be3 Rg8 10. dxc6 dxc6 11. O-O Bd7 12. Re1 Be6 13. b3 b6 14. a4 Bf5 15. Na3
Nd7 16. Nh4 Qb8 17. Nxf5 Nxe5 18. Bxh6 Qc8 19. g4 e6 20. Bxf8 Rxf8 21. Nh6 Rh8
22. g5 Rh7 23. Ng4 Rg7 24. Nxe5 c5 25. h4 Kf8 26. Qh5 Qd8 27. Qh8+ Rg8 28. Qh6+
Ke7 29. Qf6+ Kd6 30. Nb5# 1-0

[Event "Challenge"]
[Site "http://www.queenalice.com/game.php?id=196906"]
[Date "2007.4.14"]
[Round "-"]
[White "kingmartin"]
[Black "MariaClara"]
[Result "0-1"]
[WhiteElo "1301"]
[BlackElo "1343"]

1. e4 e5 2. d4 exd4 3. Qxd4 Qh4 4. g3 Nc6 5. Qe3 Bb4+ 6. c3 Bc5 7. Qxc5 Qf6 8.
Bb5 d6 9. Qe3 a6 10. Bxc6+ bxc6 11. Ne2 Ne7 12. O-O O-O 13. a4 Bh3 14. Rd1 Ng6
15. Nf4 Bg4 16. Re1 Ne5 17. Rd1 Bxd1 18. Qd2 Nf3+ 19. Kg2 Nxd2 20. Bxd2 d5 21.
Na3 Bxa4 22. Nh5 Qg6 23. Nf4 Qxe4+ 24. f3 Qb4 25. Nd3 Qe7 26. Nf4 Rab8 27. c4
Rxb2 0-1

[Event "Challenge"]
[Site "http://www.queenalice.com/game.php?id=196910"]
[Date "2007.4.14"]
[Round "-"]
[White "kingmartin"]
[Black "ErasmudoPorto"]
[Result "0-1"]
[WhiteElo "1287"]
[BlackElo "1469"]

1. e4 e6 2. d4 d5 3. exd5 exd5 4. c4 c5 5. dxc5 d4 6. Nf3 Bxc5 7. Be2 Nf6 8. Bg5
Qa5+ 9. Qd2 Bb4 10. Nc3 dxc3 11. bxc3 Bxc3 12. O-O Bxd2 13. Bxd2 Qc5 14. a3 Bg4
15. Be3 Qe7 16. h3 Bh5 17. Bd3 Bxf3 18. gxf3 Qd7 19. Be4 Nxe4 20. fxe4 Qxh3 21.
Rad1 O-O 22. Bc5 Qg4+ 23. Kh1 Qh5+ 24. Kg1 Qxc5 25. a4 f5 26. exf5 Qxf5 0-1

[Event "Challenge"]
[Site "http://www.queenalice.com/game.php?id=196921"]
[Date "2007.4.14"]
[Round "-"]
[White "kingmartin"]
[Black "DARKQUEEN"]
[Result "0-1"]
[WhiteElo "1277"]
[BlackElo "1204"]

1. e4 e5 2. d4 Nc6 3. d5 Nb4 4. c3 Na6 5. Bxa6 bxa6 6. h4 d6 7. Bg5 f6 8. Be3 c5
9. f4 Qe7 10. Nd2 Nh6 11. fxe5 Qxe5 12. Bxh6 gxh6 13. Ndf3 Qg3+ 14. Kf1 Rg8 15.
Rh2 h5 16. Ne2 Qg4 17. Qc2 f5 18. e5 Bb7 19. c4 Bg7 20. Ng5 Bxe5 21. Rh3 h6 22.
Rg3 Bxg3 23. Qa4+ Ke7 24. Ne6 Bxh4 25. Rc1 Qxg2# 0-1

[Event "Challenge"]
[Site "http://www.queenalice.com/game.php?id=198892"]
[Date "2007.4.18"]
[Round "-"]
[White "kingmartin"]
[Black "kfe"]
[Result "0-1"]
[WhiteElo "1325"]
[BlackElo "1544"]

1. e4 e5 2. d4 Nf6 3. Nc3 exd4 4. Qxd4 c5 5. Qd2 c4 6. Bxc4 Nc6 7. Nf3 Na5 8.
Ne5 Bb4 9. O-O Nxe4 10. Qe3 Nf6 11. Bxf7+ Kf8 12. f4 d6 13. Qd4 Bc5 14. Qxc5
dxc5 15. Be3 b6 16. Rad1 Qe7 17. b4 Nc4 18. Bxc4 Qe8 19. Bf7 Qe7 20. a4 Ng4 21.
Rf3 Qf6 22. Nb5 Qh4 23. h3 Nf6 24. g3 Qxh3 25. Nc7 Ng4 26. Rd8+ Ke7 27. Rxh8 Bb7
28. Rxa8 Bxf3 29. Rxa7 Qg2# 0-1

[Event "Challenge"]
[Site "http://www.queenalice.com/game.php?id=199474"]
[Date "2007.4.19"]
[Round "-"]
[White "kingmartin"]
[Black "hk1960"]
[Result "1-0"]
[WhiteElo "1292"]
[BlackElo "984"]

1. e4 c5 2. d4 c4 3. Bxc4 a6 4. d5 d6 5. Nf3 Nf6 6. Bg5 Nxe4 7. Bd3 Nc5 8. O-O
Qd7 9. Nc3 Qg4 10. a4 Qxg2+ 11. Kxg2 Bg4 12. Qe2 e6 13. h3 Be7 14. hxg4 f6 15.
Be3 Bd8 16. Bxc5 dxc5 17. Qxe6+ Be7 18. Rfe1 h6 19. Qxe7# 1-0

[Event "Challenge"]
[Site "http://www.queenalice.com/game.php?id=199935"]
[Date "2007.4.20"]
[Round "-"]
[White "kingmartin"]
[Black "DARKQUEEN"]
[Result "0-1"]
[WhiteElo "1296"]
[BlackElo "1292"]

1. e4 e5 2. d4 Qe7 3. dxe5 Qxe5 4. Nc3 Bb4 5. Nf3 Bxc3+ 6. Bd2 Bxd2+ 7. Qxd2
Qxb2 8. Qd1 Qb4+ 9. Qd2 Qxe4+ 10. Qe2 d5 11. Nd2 Qe6 12. g3 Nf6 13. c4 c6 14.
Nf3 O-O 15. Nd4 Qxe2+ 16. Bxe2 Re8 17. O-O a6 18. Rfe1 g6 19. Bf3 dxc4 20. Rad1
b5 21. Bxc6 Nxc6 22. Nxc6 Bg4 23. Rxe8+ Rxe8 24. Rd6 Kg7 25. Nd4 a5 26. Nxb5 Bh3
27. f3 g5 28. Nc7 Re3 29. Nd5 Rxf3 30. Rd8 Rf1# 0-1

[Event "Challenge"]
[Site "http://www.queenalice.com/game.php?id=200444"]
[Date "2007.4.21"]
[Round "-"]
[White "kingmartin"]
[Black "Moondawg"]
[Result "0-1"]
[WhiteElo "1303"]
[BlackElo "1786"]

1. e4 e5 2. d4 exd4 3. Qxd4 Nc6 4. Qe3 Bd6 5. Bb5 Ne5 6. f4 Ng4 7. Qf3 N4h6 8.
Ne2 Be7 9. f5 a6 10. Bd3 d6 11. Bxh6 Nxh6 12. b4 Ng8 13. O-O Nf6 14. c4 O-O 15.
Nbc3 c6 16. b5 Qd7 0-1

[Event "Challenge"]
[Site "http://www.queenalice.com/game.php?id=200899"]
[Date "2007.4.22"]
[Round "-"]
[White "kingmartin"]
[Black "El_Montes"]
[Result "1-0"]
[WhiteElo "1281"]
[BlackElo "1482"]

1. e4 e5 2. d4 exd4 3. Qxd4 Nc6 4. Qe3 Qf6 5. Nf3 b6 6. Bb5 Ne5 7. O-O Ng4 8.
Qe2 Bd6 9. Bg5 Qxb2 10. Nbd2 Qxc2 11. h3 Ne5 12. Nd4 Qc3 13. N2b3 Ne7 14. Rac1
Qb4 15. Bxe7 Bxe7 16. Nf5 Bf6 17. Nfd4 O-O 18. Rxc7 Rd8 19. Rfc1 Qa3 20. Nd2 Qf8
21. Ba6 Bb7 22. Bxb7 Rab8 23. Bd5 a5 24. Nf5 b5 25. Nb3 a4 26. Na5 Bg5 27. Rd1
Rdc8 28. Rb7 Ra8 29. Qxb5 Rc1 30. Rf1 Bd2 31. Rxc1 Bxc1 32. Rc7 Bd2 33. Bxa8
Qxa8 34. Qxe5 Bh6 35. Rxd7 Kf8 36. Qe7+ Kg8 37. Qxf7+ Kh8 38. Nxh6 Qb8 39. Qxg7#
1-0

[Event "Challenge"]
[Site "http://www.queenalice.com/game.php?id=213218"]
[Date "2007.5.19"]
[Round "-"]
[White "kingmartin"]
[Black "El_Montes"]
[Result "0-1"]
[WhiteElo "1312"]
[BlackElo "1479"]

1. e4 e5 2. d4 Nc6 3. d5 Nce7 4. f4 d6 5. fxe5 dxe5 6. Nf3 Ng6 7. Bg5 f6 8. Be3
Bd7 9. a4 Qe7 10. Bc4 Qb4+ 11. Nbd2 Qxb2 12. Ra2 Qc3 13. Bf2 Nf4 14. O-O Bg4 15.
Qa1 Bb4 16. Be1 Qe3+ 17. Bf2 Qc3 0-1